Bekannte spirituelle Symbole - Statistiken

Allgemein
  • Dieses Quiz wurde 7 mal gespielt
  • Das Durchschnittsergebnis liegt bei 1 aus 10
Antwortstatistiken
Antworten % Korrekt
Yin und Yang
83%
Auge des Horus
17%
Lotus
17%
Ankh
0%
Blume des Lebens
0%
Davidstern
0%
Dharma-Rad
0%
Mandala
0%
Om
0%
Pentagramm
0%
Keine übereinstimmenden Quizze gefunden
Verteilung der Resultate
Anzahl Personen mit jedem Resultat
Perzentil nach korrekt beantworteten Fragen
Ihre Resultats-Entwicklung
Sie haben dieses Quiz noch nicht gespielt